000 00992nam a22002537a 4500
005 20240530110517.0
008 160207s2011 ua ado g b 000 0 ara d
017 _a2011/1703
_bمصر . دار الكتب المصرية
020 _a97710
040 _aEG-CaGPL
082 0 4 _221
_a371.3\
_bو ت
100 0 _aوليد سالم محمد الحلفاوى
245 1 2 _aالتعليم الالكترونى تطبيقات مستحدثة /
_cتاليف وليد سالم محمد الحلفاوى
250 _aط1
260 _aالقاهرة :
_bدار الفكر العربى ،
_c2011 .
300 _a374 ص ؛
_c24 سم .
504 _aيشتمل على ارجاعات ببليوجرافية
650 0 4 _aتكنولوجيا التعليم
650 0 4 _aالتعليم الالكترونى
650 0 4 _aالمتاحف الالكترونية
650 0 4 _aتكنولوجيا التعليم الجوال
942 _2ddc
_cBK
999 _c61810
_d61810